|
|
|
|
| LEADER |
01368nam a2200325 4500 |
| 001 |
DLU190193384 |
| 005 |
##20191112 |
| 020 |
# |
# |
|a 9786048425043
|
| 040 |
# |
# |
|a DLU
|b vie
|
| 041 |
# |
# |
|a vie
|
| 044 |
# |
# |
|a vn
|
| 082 |
# |
# |
|a 959.703 092
|b NG-D
|
| 100 |
# |
# |
|a Nguyễn Trương Đàn.
|
| 245 |
# |
# |
|a Chí sĩ yêu nước Thái Phiên qua các tư liệu mới /
|c Nguyễn Trương Đàn.
|
| 260 |
# |
# |
|a Đà Nẵng :
|b Nxb. Đà Nẵng,
|c 2017.
|
| 300 |
# |
# |
|a 359 tr. ;
|c 24 cm.
|
| 505 |
# |
# |
|a Phần thứ nhất. Cuộc đấu tranh ở làng Nghi An năm 1904 - biểu hiện tập trung về ý chí quật cường bất khuất của người dân xứ Quảng chống ách nô dịch của thực dân -- Phần thứ hai. Những hoạt động yêu nước và cách mạng của chí sĩ yêu nước Thái Phiên từ Duy Tân Hội đến khởi nghĩa tháng 5/1916 -- Phần thứ ba. Về ngôi mộ chung hai nhà chí sĩ xứ Quảng và nghĩa cử cao đẹp của một nữ đồng chí xứ Huế.
|
| 600 |
# |
# |
|a Thái Phiên,
|d 1882-1916.
|
| 650 |
# |
# |
|a Trí thức
|z Việt Nam
|z Quảng Nam
|x Tiểu sử.
|
| 923 |
# |
# |
|a 07/2019
|
| 991 |
# |
# |
|a SH
|
| 992 |
# |
# |
|a 150000
|
| 994 |
# |
# |
|a DLU
|
| 900 |
# |
# |
|a True
|
| 911 |
# |
# |
|a Nguyễn Thanh Hương
|
| 925 |
# |
# |
|a G
|
| 926 |
# |
# |
|a A
|
| 927 |
# |
# |
|a SH
|
| 980 |
# |
# |
|a Thư viện Trường Đại học Đà Lạt
|